| 000 | 00775nam a22001337a 4500 | ||
|---|---|---|---|
| 040 | _cRUA | ||
| 082 | _aAGR LEN 2015 B519 Or.1 | ||
| 100 | _aLENG SEIHA; ឡេង សីហា | ||
| 245 | _aEffect of different rates of KLC fertilizer on growth of sweet potato growth in crop sstation of royal university of agriculture ; ឥទ្ធិពលនៃកម្រិតជីប៉ូតាស្យូមក្លរួខុសគ្នាទៅលើការលូតលាស់ដំណាំដំឡូងជ្វានៅស្ថានីយ៍ពិសោធន៍នៃសាកលវិទ្យាល័យភូមិន្ទកសិកម្ម | ||
| 260 |
_aPhnom Penh _bRUA _c2015 |
||
| 300 |
_aix; 40p; _bill; _c29cm; |
||
| 856 | _uLENG SEIHA | ||
| 942 | _cAGR | ||
| 999 |
_c10743 _d10743 |
||